000 01361cam a2200349 i 4500
001 11239
003 BD-RjUL
005 20211208235107.0
008 140126s1981 cau b 001 0 eng
020 _a0803915829
020 _a0803915837 (pbk.)
035 _a(BD-RjUL)11288
040 _aDLC
_cDLC
_dDLC
_dBD-RjUL
_beng
041 _aeng
082 0 0 _a553.280973
_219
_bWIP 1981
100 1 _aWildavsky, Aaron B.
_934780
245 1 4 _aThe politics of mistrust :
_bestimating American oil and gas resources /
_cAaron Wildavsky and Ellen Tenenbaum, with Pat Albin and the assistance of Natale Cippolina, Ehud Levy-Pascal, and David Vachon.
260 _aBeverly Hills, Calif. :
_bSage Publications,
_cc1981.
300 _a363 p. :
_bgraphs ;
_c23 cm.
504 _aIncludes bibliographies and index.
650 0 _aPetroleum industry and trade
_zUnited States.
_934782
650 0 _aNatural gas
_zUnited States.
_99855
650 0 _aEnergy policy
_zUnited States.
_934783
650 0 _aPower resources
_zUnited States.
_934784
700 1 _aTenenbaum, Ellen,
_ejoint author.
_934785
700 1 _aAlbin, Pat,
_ejoint author.
_934786
856 4 2 _3Publisher description
_uhttp://www.loc.gov/catdir/enhancements/fy0660/80029049-d.html
942 _2ddc
_cBK
999 _c11239
_d11239